La Science et l'hypothese /

Bibliographic Details
Main Author: Poincaré, Henri, 1854-1912
Format: Book
Language:French
Published: Paris : Ernest Flammarion, 1917.
Series:Bibliothèque de philosophie scientifique.
Subjects:

MARC

Tag First Indicator Second Indicator Subfields
LEADER 00000cam a2200000 a 4500
001 in00000099241
005 20150924160100.0
008 821201s1917 fr 00010 fre d
035 |a (OCoLC)09008014 
035 |9 AAL0116AM 
040 |a TXA  |c TXA  |d UtOrBLW 
049 |a TXAM  |c [1561086] 
090 |a Q175  |b .P74 1917 
100 1 |a Poincaré, Henri,  |d 1854-1912. 
245 1 3 |a La Science et l'hypothese /  |c par H. Poincare. 
264 1 |a Paris :  |b Ernest Flammarion,  |c 1917. 
300 |a 292 pages ;  |c 18 cm. 
336 |a text  |b txt  |2 rdacontent 
337 |a unmediated  |b n  |2 rdamedia 
338 |a volume  |b nc  |2 rdacarrier 
490 1 |a Bibliotheque de philosophie scientifique 
650 0 |a Science  |x Philosophy. 
650 0 |a Mathematics  |x Philosophy. 
830 0 |a Bibliothèque de philosophie scientifique. 
999 |a MARS 
999 f f |s 138a6d88-d6d4-387f-9b55-23538c31052c  |i 25b05abe-5c5f-32df-8b1c-1291441a11ad  |t 0 
952 f f |p ric  |a Texas A&M University  |b Rellis Campus  |c Joint Library Facility  |d Remote Storage  |t 0  |e Q175 .P74 1917  |h Library of Congress classification  |i unmediated -- volume  |m A14806294395 
998 f f |a Q175 .P74 1917  |t 0  |l Remote Storage